00202nam a2200073Ia 4500008004100000082000800041100001300049245006600062240331s9999 xx 000 0 und d bIND aLogo. ed 0aIndependence of the Judiciary :bLogos-Vol.23 No.2, July 1984